| 000 | 00523nam a2200181Ia 4500 | ||
|---|---|---|---|
| 008 | 230718s9999 xx 000 0 und d | ||
| 020 | _a9780070588288 | ||
| 041 | _aeng | ||
| 082 |
_a620.1 _bBEE |
||
| 100 | _aBeer F.P. | ||
| 245 |
_aVector Mechanics For Engineers _bStastics And Dynamics (In SI Units) |
||
| 250 | _a7th ed. | ||
| 260 |
_c2005 _bTata McGraw Hill |
||
| 300 | _a1322 | ||
| 365 |
_cRs. _b395.00 |
||
| 700 | _aBeer F.P., Johnston E.R., Eisenberg E.R. & Clausen W.E. | ||
| 906 |
_d3257/14.02.2006 _cOTH _b79 |
||
| 999 |
_c312417 _d312417 |
||